De un tiempo, de una edad (Record no. 187444)
[ view plain ]
| 000 -LEADER | |
|---|---|
| campo de control de longitud fija | 00814nam a2200205 i 4500 |
| 001 - NÚMERO DE CONTROL | |
| campo de control | 187444 |
| 003 - IDENTIFICADOR DE NÚMERO DE CONTROL | |
| campo de control | ES-MaACL |
| 005 - FECHA Y HORA DE LA ÚLTIMA TRANSACCIÓN | |
| campo de control | 20230906222927.0 |
| 008 - DATOS DE LONGITUD FIJA--INFORMACIÓN GENERAL | |
| campo de control de longitud fija | 170704s1985 sp a c |||| | spa d |
| 080 ## - NÚMERO DE LA CLASIFICACIÓN DECIMAL UNIVERSAL | |
| Número de la Clasificación Decimal Universal | 688.7(460)(064.3) |
| 245 00 - MENCIÓN DEL TÍTULO | |
| Título | De un tiempo, de una edad |
| Resto del título | : el juguete español en las colecciones privadas asturianas : [exposición] / |
| Mención de responsabilidad, etc. | Museo de Bellas Artes de Asturias, 20 de diciembre 1985-12 enero 1986. |
| 260 ## - PUBLICACIÓN, DISTRIBUCIÓN, ETC. | |
| Lugar de publicación, distribución, etc. | [Oviedo] : |
| Nombre del editor, distribuidor, etc. | Centro Regional de Bellas Artes, |
| Fecha de publicación, distribución, etc. | [1985] |
| 300 ## - DESCRIPCIÓN FÍSICA | |
| Extensión | [76] p. : |
| Otras características físicas | principalmente il. ; |
| Dimensiones | 24 x 22 cm. |
| 650 #4 - PUNTO DE ACCESO ADICIONAL DE MATERIA--TÉRMINO DE MATERIA | |
| Término de materia o nombre geográfico como elemento de entrada | Juguetes- |
| Subdivisión geográfica | España- |
| Subdivisión de forma | Exposiciones. |
| 9 (RLIN) | 163357 |
| 655 #7 - TERMINO DE INDIZACIÓN--GENERO/FORMA | |
| Fuente del término | tgfbne |
| 9 (RLIN) | 193628 |
| Datos o término principal de género/forma | Catálogos de exposiciones |
| 710 2# - ENTRADA AGREGADA--NOMBRE DE ENTIDAD CORPORATIVA | |
| Nombre de entidad corporativa o nombre de jurisdicción como elemento de entrada | Museo de Bellas Artes de Asturias. |
| 9 (RLIN) | 5843 |
| 852 ## - LOCALIZACIÓN | |
| Ubicación | ES-MaACL |
| Número de control de estantería | L-31776 |
| 942 ## - ELEMENTOS DE ENTRADA SECUNDARIOS (KOHA) | |
| Fuente del sistema de clasificación o colocación | Clasificación decimal universal |
| Estatus retirado | Estado de pérdida | Estado de daño | No para préstamo | Biblioteca de origen | Biblioteca actual | Ubicación en estantería | Fecha de adquisición | Fuente de adquisición | Total de préstamos | Signatura topográfica completa | Código de barras | Visto por última vez | Precio de reemplazo | Tipo de ítem Koha |
|---|---|---|---|---|---|---|---|---|---|---|---|---|---|---|
| Biblioteca del Ateneo de Madrid | Biblioteca del Ateneo de Madrid | Depósito 2 | 04/07/2017 | L-31776 | 1197870 | 23/02/2023 | 23/02/2023 | Libro impreso |
